Şiir Şehir İstanbul/ (Record no. 67617)
| 000 -BAŞLIK | |
|---|---|
| Sabit Uzunluktaki Kontrol Alanı | 00853nam a22002897a 4500 |
| 001 - KONTROL NUMARASI | |
| Control Dosyası | 0067070 |
| 003 - KONTROL NUMARASI KİMLİĞİ | |
| Kontrol Alanı | KOHA_MİRAKIL |
| 005 - EN SON İŞLEM TARİHİ ve ZAMANI | |
| Kontrol Alanı | 20260207004707.0 |
| 007 - FİZİKSEL TANIM SABİT ALAN - GENEL BİLGİ | |
| Sabit uzunluklu kontrol alanı | ta |
| 008 - SABİT UZUNLUKTAKİ VERİ ÖGELERİ - GENEL BİLGİ | |
| Sabit Alan | 220413b2000 tu |||gr||||#0|||1|tur | |
| 040 ## - KATALOGLAMA KAYNAĞI | |
| Özgün Kataloglama Kurumu | TR-BiSEU |
| Kataloglama Dili | tur |
| Çeviri Kurumu | TR-BiSEU |
| Açıklama Kuralları | rda |
| 041 0# - DİL KODU | |
| Metin ya da ses kaydının dil kodu | tur |
| 044 ## - YAYINLAYAN/ÜRETEN KURULUŞUN ÜLKE KODU | |
| ISO country code | tu |
| 050 ## - SINIFLAMA ve YER NUMARASI | |
| Sınıflama Numarası | PL235 |
| Yer Numarası | .S55 2000 |
| 245 0# - ESER ADI BİLDİRİMİ | |
| Başlık | Şiir Şehir İstanbul/ |
| Sorumluluk Bildirimi | İstanbul Büyükşehir Belediyesi. |
| 264 #1 - ÜRERİM, YAYIN, DAĞITIM ve TELİF BİLDİRİMİ | |
| Yayın yeri | İstanbul : |
| Yayınlayan | İstanbul Büyükşehir Belediyesi Kültür A.Ş. |
| Yayın tarihi | 2000 |
| 300 ## - FİZİKSEL TANIMLAMA | |
| Sayfa, Cilt vb. | 43 sayfa: resimli; 31 cm+ 1 CD ROM |
| 336 ## - İÇERİK TÜRÜ | |
| Content type term | metin |
| Content type code | txt |
| Source | rdacontent |
| 337 ## - MEDYA TÜRÜ | |
| Media type term | aracısız |
| Media type code | n |
| Source | rdamedia |
| 338 ## - TAŞIYICI TÜRÜ | |
| Carrier type term | cilt |
| Carrier type code | nc |
| Source | rdacarrier |
| 650 #0 - KONU BAŞLIĞI EK GİRİŞ - KONU TERİMİ | |
| Konusal terim veya coğrafi ad | İstanbul (Turkey). |
| 9 (RLIN) | 17199 |
| 650 #0 - KONU BAŞLIĞI EK GİRİŞ - KONU TERİMİ | |
| Konusal terim veya coğrafi ad | İstanbul (Türkiye). |
| 9 (RLIN) | 18115 |
| 650 #0 - KONU BAŞLIĞI EK GİRİŞ - KONU TERİMİ | |
| Konusal terim veya coğrafi ad | Turkish poetry. |
| 9 (RLIN) | 3912 |
| 650 #0 - KONU BAŞLIĞI EK GİRİŞ - KONU TERİMİ | |
| Konusal terim veya coğrafi ad | Türk şiiri. |
| 9 (RLIN) | 3914 |
| 907 ## - LOCAL DATA ELEMENT G, LDG (RLIN) | |
| a | Şiir |
| 942 ## - EK GİRİŞ ÖGELERİ (KOHA) | |
| Source of classification or shelving scheme | Library of Congress Classification |
| Koha item type | Book |
| Materyal Türü | Kalıcı Konum | Mevcut Konum | Koleksiyon Kodu | Sınıflandırma Kaynağı | Edinim Bilgisi | Ana Konular | Alt Konular | Yer Numarası | Demirbaş Numarası | Fatura Tarihi | Geri Çekilme Durumu | Kayıp Durumu | Hasarlı Durumu | Kredi için değil | Kayıt Tarih | Toplam Ödünçverme | Son Görülme Tarihi | Son Kontrol Tarihi | Genel / Bağış Notu |
|---|---|---|---|---|---|---|---|---|---|---|---|---|---|---|---|---|---|---|---|
| Danışma Kaynakları | BŞEÜ Bozüyük MYO Kütüphanesi | BŞEÜ Bozüyük MYO Kütüphanesi | Referans | Library of Congress Classification | Bağış | DİL VE EDEBİYAT | Doğu Asya, Afrika, Okyanusya Dilleri ve Edebiyatları | PL235 .S55 2000 | 0067070 | 02/02/2026 | Ödünç verilmez | 13/04/2022 | 05/03/2025 | 05/03/2025 | Genel Bağış | ||||
| Danışma Kaynakları | BŞEÜ Bozüyük MYO Kütüphanesi | BŞEÜ Bozüyük MYO Kütüphanesi | Referans | Library of Congress Classification | Bağış | DİL VE EDEBİYAT | Doğu Asya, Afrika, Okyanusya Dilleri ve Edebiyatları | PL235 .S55 2000 | 0067071 | 02/02/2026 | Ödünç verilmez | 13/04/2022 | 05/03/2025 | 05/03/2025 | Genel Bağış |
